000 00757cam a22002293a 4500
001 31846
003 PGUSA
005 20140828083705.0
008 100331s2010||||xxu|||||s|||||000 | eng d
040 _aPGUSA
_beng
042 _adc
050 4 _aDC
100 1 _aThiers, Adolphe,
_d1797-1877
245 1 0 _aHistoire du Consulat et de l'Empire, (Vol. 04 / 20) :
_bfaisant suite à l'Histoire de la Révolution Française
_h[electronic resource] /
_cAdolphe Thiers
260 _bProject Gutenberg,
_c2010
506 _aPublic domain in the USA.
516 _aElectronic text
653 _aFrance -- History -- Consulate and First Empire, 1799-1815
830 0 _aProject Gutenberg
_v31846
856 4 0 _uhttp://www.gutenberg.org/ebooks/31846
942 _cEB
999 _c261101
_d261101